000 01067nas a2200277 454500
001 29535
005 20260407193507.0
008 260407s1990####ag###########|||spa#d
003 AR-UNSa-BCEJYS
040 _aAR-UNSa-BCEJYS
_bspa
_cAR-UNSa-BCEJYS
080 _a339.3
_xComercio Interior. Comercio Nacional
245 1 0 _aBoletín Informativo Cámara de Comercio e Industria de Salta
264 1 _aSalta :
_b[s.n.]
_c1990
310 _aFrecuencia: Mensual Cambia de Director a partir del Año 4, Nº 35 por José Humberto Dakak Cambia de Director a partir del Año 5, Nº 42 por Nora R. Nieva ; Víctor R. Agüero
041 _aspa
942 _cSER
590 _aniveau_biblio:s niveau_hierar:1
100 1 _aCámara de Comercio e Industria de Salta
700 1 _aHubaide, Arnaldo
650 _aComercio
650 _aIndustria
650 _aComercio interno
650 _aSalta
650 _aCOMERCIO MINORISTA
856 4 1 _uhttps://biblioeco.unsa.edu.ar/pmb/images/revistas/C?mara de Comercio e Industria de Salta-r14286.jpg
_yImagen de portada
_qimage/jpeg
999 _c8670
_d8670